| 000 | 00333nam a2200121Ia 4500 | ||
|---|---|---|---|
| 005 | 20251222143144.0 | ||
| 008 | 251222s9999||||xx |||||||||||||| ||spa|| | ||
| 082 | _a371.26/P14 | ||
| 100 | _aPadilla Colonio, Falú | ||
| 245 | 0 | _aEvaluación de Estudiantes: | |
| 264 | _bFacultad de Teología Pontificia y Civil de Lima | ||
| 942 | _cLIB | ||
| 999 |
_c12423 _d12423 |
||